Keys to the Council : (Record no. 129122)
[ view plain ]
| 000 -LEADER | |
|---|---|
| fixed length control field | 02788cam a22003614a 4500 |
| 001 - CONTROL NUMBER | |
| control field | 17038577 |
| 003 - CONTROL NUMBER IDENTIFIER | |
| control field | ARRUPE |
| 005 - DATE AND TIME OF LATEST TRANSACTION | |
| control field | 20190305111240.0 |
| 008 - FIXED-LENGTH DATA ELEMENTS--GENERAL INFORMATION | |
| fixed length control field | 111108s2012 mnua b 001 0 eng |
| 010 ## - LIBRARY OF CONGRESS CONTROL NUMBER | |
| LC control number | 2011045872 |
| 020 ## - INTERNATIONAL STANDARD BOOK NUMBER | |
| International Standard Book Number | 9780814633687 |
| 020 ## - INTERNATIONAL STANDARD BOOK NUMBER | |
| International Standard Book Number | 0814633684 |
| 020 ## - INTERNATIONAL STANDARD BOOK NUMBER | |
| International Standard Book Number | 9780814634240 (ebook) |
| 020 ## - INTERNATIONAL STANDARD BOOK NUMBER | |
| International Standard Book Number | 0814634249 (ebook) |
| 035 ## - SYSTEM CONTROL NUMBER | |
| System control number | (OCoLC)ocn759177174 |
| 040 ## - CATALOGING SOURCE | |
| Original cataloging agency | DLC |
| Language of cataloging | eng |
| Transcribing agency | DLC |
| Modifying agency | YDX |
| -- | BTCTA |
| -- | YDXCP |
| -- | BWX |
| -- | MNJ |
| -- | CDX |
| -- | DLC |
| 042 ## - AUTHENTICATION CODE | |
| Authentication code | pcc |
| 050 00 - LIBRARY OF CONGRESS CALL NUMBER | |
| Classification number | BX830 1962 A8 |
| Item number | .G28 2012 |
| 082 00 - DEWEY DECIMAL CLASSIFICATION NUMBER | |
| Classification number | 262/.52 |
| Edition number | 23 |
| 300 ## - PHYSICAL DESCRIPTION | |
| Other physical details | ill. ; |
| Dimensions | 23 cm. |
| 100 1# - MAIN ENTRY--PERSONAL NAME | |
| Personal name | Gaillardetz, Richard R., |
| Dates associated with a name | 1958- |
| 9 (RLIN) | 3099 |
| 245 10 - TITLE STATEMENT | |
| Title | Keys to the Council : |
| Remainder of title | unlocking the teaching of Vatican II / |
| Statement of responsibility, etc | Richard R. Gaillardetz, Catherine E. Clifford. |
| 260 ## - PUBLICATION, DISTRIBUTION, ETC. (IMPRINT) | |
| Place of publication, distribution, etc | Collegeville, Minn. : |
| Name of publisher, distributor, etc | Liturgical Press, |
| Date of publication, distribution, etc | c2012. |
| 300 ## - PHYSICAL DESCRIPTION | |
| Extent | xix, 198 p. : |
| 504 ## - BIBLIOGRAPHY, ETC. NOTE | |
| Bibliography, etc | Includes bibliographical references (p. 194-195) and index. |
| 505 0# - FORMATTED CONTENTS NOTE | |
| Formatted contents note | Through baptism we are implanted in the Paschal mystery (Sacrosanctum concilium 6) -- Christ is always present in His church (Sacrosanctum concilium 7) -- Full, conscious, active participation in the liturgy (Sacrosanctum concilium 14) -- A theology of divine revelation (Dei verbum 2) -- A theology of tradition (Dei verbum 8) -- The church is like a sacrament (Lumen gentium 1) -- The Holy Spirit in the church (Lumen gentium 4) -- Eucharistic ecclesiology (Lumen gentium 7) -- The baptismal and ministerial priesthood (Lumen gentium 10) -- The church's mission in the world (Gaudium et spes 40) -- The role of the laity in the world (Gaudium et spes 43) -- Christian marriage and family (Gaudium et spes 48) -- The ministry of the bishop (Christus dominus 11) -- Episcopal collegiality (Lumen gentium 23) -- The global catholicity of the church (Lumen gentium 13) -- The right to religious freedom (Dignitatis humanae 2) -- Communion in faith with other Christians (Unitatis redintegratio 3) -- Reform of the church (Unitatis redintegratio 6) -- Hierarchy of truths (Unitatis redintegratio 11) -- The church and world religions (Nostra aetate 2). |
| 610 20 - SUBJECT ADDED ENTRY--CORPORATE NAME | |
| Corporate name or jurisdiction name as entry element | Catholic Church |
| General subdivision | Doctrines. |
| 9 (RLIN) | 44970 |
| 611 20 - SUBJECT ADDED ENTRY--MEETING NAME | |
| Meeting name or jurisdiction name as entry element | Vatican Council |
| Number of part/section/meeting | (2nd : |
| Date of meeting | 1962-1965 : |
| Location of meeting | Basilica di San Pietro in Vaticano) |
| 9 (RLIN) | 44971 |
| 700 1# - ADDED ENTRY--PERSONAL NAME | |
| Personal name | Clifford, Catherine E., |
| Dates associated with a name | 1958- |
| 9 (RLIN) | 44972 |
| 856 42 - ELECTRONIC LOCATION AND ACCESS | |
| Materials specified | Contributor biographical information |
| Uniform Resource Identifier | <a href="http://www.loc.gov/catdir/enhancements/fy1402/2011045872-b.html">http://www.loc.gov/catdir/enhancements/fy1402/2011045872-b.html</a> |
| 856 42 - ELECTRONIC LOCATION AND ACCESS | |
| Materials specified | Publisher description |
| Uniform Resource Identifier | <a href="http://www.loc.gov/catdir/enhancements/fy1402/2011045872-d.html">http://www.loc.gov/catdir/enhancements/fy1402/2011045872-d.html</a> |
| 906 ## - LOCAL DATA ELEMENT F, LDF (RLIN) | |
| a | 7 |
| b | cbc |
| c | orignew |
| d | 1 |
| e | ecip |
| f | 20 |
| g | y-gencatlg |
| 942 ## - ADDED ENTRY ELEMENTS (KOHA) | |
| Source of classification or shelving scheme | Library of Congress Classification |
| Koha item type | Monograph ( Printed materials) |
| Withdrawn status | Lost status | Source of classification or shelving scheme | Damaged status | Not for loan | Collection code | Home library | Current library | Shelving location | Date acquired | Total Checkouts | Full call number | Barcode | Checked out | Date last seen | Date checked out | Price effective from | Koha item type |
|---|---|---|---|---|---|---|---|---|---|---|---|---|---|---|---|---|---|
| Library of Congress Classification | Main Collection | ARRUPE LIBRARY | ARRUPE LIBRARY | Main Collection | 05/03/2019 | 1 | BX830 1962 A8 .G28 2012 | 46600004066 | 17/05/2019 | 17/04/2019 | 17/04/2019 | 05/03/2019 | Monograph ( Printed materials) |